MARC details
| 000 -LEADER |
| fixed length control field |
01775nam a2200265 a 4500 |
| 008 - FIXED-LENGTH DATA ELEMENTS--GENERAL INFORMATION |
| fixed length control field |
120416s1969 ||||||||||||||||| || u |
| 020 ## - INTERNATIONAL STANDARD BOOK NUMBER |
| International Standard Book Number |
0713122412 |
| 050 ## - LIBRARY OF CONGRESS CALL NUMBER |
| Classification number |
QD 151.5 Moo |
| 100 ## - MAIN ENTRY--PERSONAL NAME |
| Personal name |
Moody, B. J. (Bernard John) |
| 245 10 - TITLE STATEMENT |
| Title |
Comparative inorganic chemistry |
| 250 ## - EDITION STATEMENT |
| Edition statement |
2nd ed. |
| 260 ## - PUBLICATION, DISTRIBUTION, ETC. |
| Place of publication, distribution, etc. |
London |
| Name of publisher, distributor, etc. |
Edward Arnold |
| Date of publication, distribution, etc. |
1969 |
| 300 ## - PHYSICAL DESCRIPTION |
| Extent |
ix, 469 p. illus. |
| 350 ## - |
| -- |
0.00 |
| 650 #0 - SUBJECT ADDED ENTRY--TOPICAL TERM |
| Topical term or geographic name entry element |
CHEMISTRY, INORGANIC--HANDBOOKS, MANUALS, ETC |
| 650 #0 - SUBJECT ADDED ENTRY--TOPICAL TERM |
| Topical term or geographic name entry element |
CHEMISTRY--HANDBOOKS, MANUALS, ETC |
| 995 ## - |
| -- |
MAIN LIBRARY OPEN ACCESS |
| -- |
0.00 |
| -- |
717622 |
| -- |
CBU-MAIN LIBRARY (Kitwe) |
| -- |
1 |
| -- |
2.40 |
| -- |
QD 151.5 Moo |
| -- |
1 |
| -- |
AVAILABLE |
| -- |
012311 |
| -- |
Main Library Open Access Collection |
| 995 ## - |
| -- |
BINDERY (DAMAGED) |
| -- |
0.00 |
| -- |
715264 |
| -- |
CBU-MAIN LIBRARY (Kitwe) |
| -- |
2 |
| -- |
2.40 |
| -- |
QD 151.5 Moo |
| -- |
7 |
| -- |
DAMAGED |
| -- |
715264 |
| -- |
Main Library Open Access Collection |
| 995 ## - |
| -- |
MAIN LIBRARY OPEN ACCESS |
| -- |
0.00 |
| -- |
715166 |
| -- |
CBU-MAIN LIBRARY (Kitwe) |
| -- |
8 |
| -- |
2.40 |
| -- |
QD 151.5 Moo |
| -- |
3 |
| -- |
AVAILABLE |
| -- |
012313 |
| -- |
Main Library Open Access Collection |
| 995 ## - |
| -- |
ANNEX COLLECTION (Main Library) |
| -- |
0.00 |
| -- |
718381 |
| -- |
CBU-MAIN LIBRARY (Kitwe) |
| -- |
4 |
| -- |
2.40 |
| -- |
QD 151.5 Moo |
| -- |
4 |
| -- |
AVAILABLE |
| -- |
012314 |
| -- |
Annex Low-Usage Collection |
| 995 ## - |
| -- |
BINDERY (DAMAGED) |
| -- |
0.00 |
| -- |
718380 |
| -- |
CBU-MAIN LIBRARY (Kitwe) |
| -- |
6 |
| -- |
2.40 |
| -- |
QD 151.5 Moo |
| -- |
8 |
| -- |
DAMAGED |
| -- |
718380 |
| -- |
Main Library Open Access Collection |
| 995 ## - |
| -- |
ANNEX COLLECTION (Main Library) |
| -- |
0.00 |
| -- |
715168 |
| -- |
CBU-MAIN LIBRARY (Kitwe) |
| -- |
3 |
| -- |
2.40 |
| -- |
QD 151.5 Moo |
| -- |
2 |
| -- |
AVAILABLE |
| -- |
012312 |
| -- |
Annex Low-Usage Collection |
| 995 ## - |
| -- |
ANNEX COLLECTION (Main Library) |
| -- |
0.00 |
| -- |
715167 |
| -- |
CBU-MAIN LIBRARY (Kitwe) |
| -- |
7 |
| -- |
2.40 |
| -- |
QD 151.5 Moo |
| -- |
5 |
| -- |
AVAILABLE |
| -- |
012315 |
| -- |
Annex Low-Usage Collection |
| 995 ## - |
| -- |
MAIN LIBRARY OPEN ACCESS |
| -- |
0.00 |
| -- |
718382 |
| -- |
CBU-MAIN LIBRARY (Kitwe) |
| -- |
5 |
| -- |
2.40 |
| -- |
QD 151.5 Moo |
| -- |
6 |
| -- |
AVAILABLE |
| -- |
012316 |
| -- |
Main Library Open Access Collection |
| 999 ## - |
| -- |
79580 |
| -- |
79580 |